Animal camouflage (Record no. 1229)

MARC details
000 -LEADER
fixed length control field 00984nam a22002297a 4500
005 - DATE AND TIME OF LATEST TRANSACTION
control field 20230808155248.0
020 ## - INTERNATIONAL STANDARD BOOK NUMBER
International Standard Book Number 9781607100058
040 ## - CATALOGING SOURCE
Original cataloging agency FISKH
Language of cataloging eng
Transcribing agency FISKH
Modifying agency FISKH
050 ## - LIBRARY OF CONGRESS CALL NUMBER
Classification number QH546.S56
082 ## - DEWEY DECIMAL CLASSIFICATION NUMBER
Classification number 591.472
100 ## - MAIN ENTRY--PERSONAL NAME
Personal name Gilpin, Daniel
245 ## - TITLE STATEMENT
Title Animal camouflage
Remainder of title 3-D close up
260 ## - PUBLICATION, DISTRIBUTION, ETC.
Place of publication, distribution, etc. San Diego :
Name of publisher, distributor, etc. Quarto Children's Books,
Date of publication, distribution, etc. 2009.
300 ## - PHYSICAL DESCRIPTION
Extent 23 pages :
Dimensions 25 cm.
505 ## - FORMATTED CONTENTS NOTE
Formatted contents note H
520 ## - SUMMARY, ETC.
Summary, etc. Look at the extraordinary ways that animals disguise themselves, including four incredible pop-up scenes. Discover the fascinating ways that animals use camouflage to hide from predators or sneak up on their prey. All kinds of creatures are the masters of disguise, from curious insects that look like a leaf or flower, to the tiger and clouded leopard stalking among the shadows of the jungle.
521 ## - TARGET AUDIENCE NOTE
Target audience note 500 <br/>
Source Lexile estimate
521 ## - TARGET AUDIENCE NOTE
Target audience note H <br/>
Source Raz-Plus estimate
942 ## - ADDED ENTRY ELEMENTS (KOHA)
Source of classification or shelving scheme Dewey Decimal Classification
Koha item type Books
Suppress in OPAC No
999 ## -
-- 1229
-- 1229
Holdings
Withdrawn status Lost status Source of classification or shelving scheme Damaged status Not for loan Collection Home library Current library Shelving location Date acquired Total Checkouts Full call number Barcode Date last seen Date last checked out Price effective from Koha item type
    Dewey Decimal Classification     Non-Fiction Footprints International School Library Network Toul Kork Campus Footprints International School Library Network Toul Kork Campus TK Primary Library Room(4th Floor), Bookcase 1&2, Shelves 1-16, Dark Blue Books 08/08/2023 9 GIL 591.472 QH546.S56 2023-0212 01/30/2026 10/23/2024 08/08/2023 Books